000 00530nam a2200181 i 4500
001 27303
003 ES-MaACL
005 20240605062959.0
007 t|
008 030114s1955 sp ||||1| spa d
100 1 _aAranguren, José Luis L.,
_d1909-1996
_922315
245 1 0 _aCatolicismo día tras día /
_cJosé Luis L. Aranguren.
250 _a[1ª ed.].
260 _aBarcelona :
_bNoguer,
_c[1955] (
_fAldus)
300 _a308 p. ;
_c19 cm.
852 _aES-MaACL
_jC-9150
_bR.37152
999 _c27303
_d27303